| 000 | 00488nam a22001697a 4500 | ||
|---|---|---|---|
| 999 |
_c18938 _d18938 |
||
| 008 | 210521b xxu||||| |||| 00| 0 eng d | ||
| 020 | _a1292282350 | ||
| 050 |
_aK1089 _b.P37 2012 c.1 |
||
| 100 | _aParkman, Tim | ||
| 245 |
_aMastering anti-money laundering-terrorist financing _cTim Parkman |
||
| 250 | _a2nd ed. | ||
| 260 |
_aLondon _bPearson _c2012 |
||
| 300 | _axviii, 371p. | ||
| 650 |
_aMoney Laundering _vLaw and legislation |
||
| 650 |
_aTerrorism _vFinance |
||
| 942 |
_2lcc _cPER |
||